Mary Queen of scots (Record no. 29534)

MARC details
000 -LEADER
fixed length control field 00280nam a2200109Ia 4500
082 ## - DEWEY DECIMAL CLASSIFICATION NUMBER
Classification number 929A/Z(MAR)
Item number FRA
100 ## - MAIN ENTRY--AUTHOR NAME
Personal name Fraser, Antonia
245 #0 - TITLE STATEMENT
Title Mary Queen of scots
260 ## - PUBLICATION, DISTRIBUTION, ETC. (IMPRINT)
Place of publication London
Name of publisher Weidenfeld & Nicolson
Year of publication 1969
942 ## - ADDED ENTRY ELEMENTS (KOHA)
Koha item type Books
Holdings
Withdrawn status Lost status Damaged status Not for loan Home library Current library Date acquired Cost, normal purchase price Full call number Accession Number Koha item type
        RRII Library RRII Library 16/12/2021 1.75 929A/Z(MAR) FRA 10120 Books